[Event "C.to Provinciale BS"]
[Site "Provaglio d'Iseo ITA"]
[Date "2012.04.13"]
[Round "7"]
[White "Vagliati, Massimo"]
[Black "Zorzi, Aristide"]
[WhiteElo "1732"]
[BlackElo "1765"]
[Result "0-1"]
[PlyCount "48"]
[EventDate "2012.03.02"]

1. d4 d5 2. c4 e6 3. Nc3 f5 4. e3 Nf6 5. Bd3 c6 6. Nge2 Bd6 7. cxd5 exd5 8. Qc2
Ne4 9. Bd2 Qh4 10. Bxe4 fxe4 11. Nxd5 O-O 12. Ndf4 g5 13. g3 Qg4 14. Qb3+ Rf7
15. Rg1 Qf3 16. Ne6 Qxf2+ 17. Kd1 Qf6 18. d5 cxd5 19. N6d4 Nc6 20. Qxd5 Nxd4
21. Qxd4 Be5 22. Qxe4 Bf5 23. Qb4 a5 24. Qa4 Bxb2 0-1

[Event "C.to Provinciale BS"]
[Site "Provaglio d'Iseo ITA"]
[Date "2012.04.20"]
[Round "8"]
[White "Brugaletta, Giorgio"]
[Black "Conti, Ferdinando"]
[WhiteElo "1696"]
[BlackElo "1788"]
[Result "1-0"]
[PlyCount "59"]
[EventDate "2012.03.02"]

1. c4 e5 2. Nc3 Nf6 3. g3 Bb4 4. Bg2 c6 5. e4 O-O 6. Nf3 Re8 7. d3 Bxc3+ 8.
bxc3 d6 9. h3 Nbd7 10. O-O Nb6 11. Bg5 Be6 12. a4 h6 13. Be3 Nbd7 14. a5 d5 15.
cxd5 cxd5 16. Qa4 Qc8 17. Rac1 Nf8 18. Kh2 Bd7 19. Qb4 Bc6 20. Nh4 dxe4 21.
dxe4 Bd7 22. Rfd1 Bc6 23. Nf5 Qc7 24. Rd6 Ng6 25. Bxh6 Bxe4 26. Bxe4 Nxe4 27.
Qxe4 gxh6 28. Qd5 Re6 29. Rd7 Qc8 30. Nxh6+ 1-0

[Event "C.to Provinciale BS"]
[Site "Provaglio d'Iseo ITA"]
[Date "2012.04.20"]
[Round "8"]
[White "De Bellis, Aldo"]
[Black "Cattaneo, Ugo"]
[WhiteElo "1687"]
[BlackElo "1827"]
[Result "0-1"]
[PlyCount "82"]
[EventDate "2012.03.02"]

1. e4 e5 2. Nf3 Nc6 3. Bb5 Bc5 4. c3 Nf6 5. d3 O-O 6. O-O d6 7. d4 exd4 8. cxd4
Bb6 9. Bg5 h6 10. Bh4 g5 11. Bg3 Nxe4 12. Nc3 Nxg3 13. fxg3 g4 14. Bxc6 bxc6
15. Nh4 h5 16. Qd2 f5 17. Ne2 Qf6 18. Rad1 Bd7 19. Kh1 Rae8 20. Nf4 Qh6 21.
Rfe1 Re4 22. Rxe4 fxe4 23. Qe2 d5 24. b4 Qg5 25. a4 a5 26. bxa5 Bxa5 27. Nhg6
Ra8 28. Qa2 Be8 29. Nh4 Bf7 30. Qa3 Qf6 31. h3 gxh3 32. gxh3 Bb6 33. Qa1 c5 34.
Rf1 Qxd4 35. Nf5 Qxa1 36. Rxa1 d4 37. Nh6+ Kg7 38. Nxf7 Kxf7 39. Kg2 d3 40. Nd5
c4 41. Nc3 Bd4 0-1

[Event "C.to Provinciale BS"]
[Site "Provaglio d'Iseo ITA"]
[Date "2012.04.20"]
[Round "8"]
[White "Dieli, Alberto"]
[Black "Bosio, Devis"]
[WhiteElo "1947"]
[BlackElo "2066"]
[Result "1-0"]
[PlyCount "146"]
[EventDate "2012.03.02"]

1. e4 c6 2. d4 d5 3. Nc3 dxe4 4. Nxe4 Bf5 5. Ng3 Bg6 6. h4 h6 7. h5 Bh7 8. Nf3
Nd7 9. Bd3 Bxd3 10. Qxd3 Qc7 11. Rh4 e6 12. Ne4 Ngf6 13. Nxf6+ Nxf6 14. Ne5
O-O-O 15. Bd2 Bd6 16. Nc4 c5 17. O-O-O cxd4 18. Nxd6+ Qxd6 19. Qc4+ Qc6 20.
Rxd4 Nxh5 21. Be3 Qxc4 22. Rxc4+ Kb8 23. Bd4 Nf6 24. Be5+ Ka8 25. Rh1 b5 26.
Rf4 Nd5 27. Rxf7 Rhf8 28. Rxg7 Rxf2 29. Bd4 Rf4 30. Rd1 Nb6 31. Rxa7+ Kxa7 32.
Bxb6+ Kxb6 33. Rxd8 Kc5 34. b3 Rf1+ 35. Kb2 Rf2 36. g3 e5 37. Rh8 e4 38. Rxh6
Kd4 39. a4 bxa4 40. bxa4 e3 41. Re6 Rf5 42. g4 Rg5 43. Kb3 Rxg4 44. a5 Rg3 45.
Kb4 Rg4 46. Kb3 Re4 47. Rxe4+ Kxe4 48. a6 e2 49. a7 e1=Q 50. a8=Q+ Kf5 51. Qf8+
Kg6 52. Qd6+ Kf7 53. Qf4+ Kg6 54. Qg4+ Kf7 55. Qf5+ Ke7 56. c4 Qe3+ 57. Kb4
Qd2+ 58. Kb5 Qb2+ 59. Kc6 Qg2+ 60. Kb6 Qb2+ 61. Qb5 Qf6+ 62. Kb7 Qf3+ 63. Qc6
Qb3+ 64. Ka6 Qa3+ 65. Kb6 Qb2+ 66. Ka7 Qa3+ 67. Kb8 Qd6+ 68. Kb7 Qb4+ 69. Kc8
Qd6 70. Qc7+ Ke6 71. c5 Qf8+ 72. Kb7 Kd5 73. c6 Qb4+ 1-0

[Event "C.to Provinciale BS"]
[Site "Provaglio d'Iseo ITA"]
[Date "2012.04.20"]
[Round "8"]
[White "Dieli, Riccardo"]
[Black "Zorzi, Aristide"]
[WhiteElo "1861"]
[BlackElo "1765"]
[Result "1/2-1/2"]
[PlyCount "30"]
[EventDate "2012.03.02"]

1. Nf3 d5 2. c4 e6 3. e3 c6 4. b3 f5 5. Bb2 Nf6 6. Na3 Bd6 7. Be2 O-O 8. O-O
Nbd7 9. Nc2 Ng4 10. d4 Rf6 11. g3 Rh6 12. Kg2 Qe8 13. Rh1 Qg6 14. c5 Bc7 15.
Nb4 f4 1/2-1/2

[Event "C.to Provinciale BS"]
[Site "Provaglio d'Iseo ITA"]
[Date "2012.04.20"]
[Round "8"]
[White "Frugoni, Giulio"]
[Black "Bettoni, Davide"]
[WhiteElo "1641"]
[BlackElo "1593"]
[Result "1-0"]
[PlyCount "105"]
[EventDate "2012.03.02"]

1. Nf3 Nf6 2. d4 d5 3. c4 e6 4. Nc3 g6 5. Bg5 Bg7 6. e4 dxe4 7. Nxe4 Nbd7 8.
Qa4 O-O 9. Rd1 c6 10. Ne5 Qb6 11. Nxf6+ Nxf6 12. Qc2 Rd8 13. Nf3 Qa5+ 14. Qc3
Qxa2 15. Bd3 c5 16. O-O cxd4 17. Nxd4 Qa4 18. Bc2 Qe8 19. Nf5 Rxd1 20. Rxd1
exf5 21. Bxf6 Bxf6 22. Qxf6 Be6 23. b3 b6 24. f3 h5 25. Rd4 Bd7 26. Rd1 Rc8 27.
Qd6 Bc6 28. Qf6 Qe2 29. Rd8+ Rxd8 30. Qxd8+ Kh7 31. Qd1 Qxd1+ 32. Bxd1 Kg7 33.
f4 Kf6 34. Kf2 Ke6 35. Ke3 Kd6 36. Kd4 a5 37. Bc2 f6 38. Bd1 Ke6 39. Bc2 g5 40.
Bd1 Be8 41. Bc2 g4 42. Bd1 Bc6 43. Ke3 Kf7 44. Kd4 Kg6 45. Ke3 h4 46. Kf2 Kh5
47. Bc2 Bf3 48. Bxf5 Bd1 49. Ke3 Bxb3 50. Kd4 a4 51. Kc3 Bd1 52. Bc2 a3 53.
Bxd1 1-0

[Event "C.to Provinciale BS"]
[Site "Provaglio d'Iseo ITA"]
[Date "2012.04.20"]
[Round "8"]
[White "Ghidinelli, Giorgio"]
[Black "Cristiani, Cesare"]
[WhiteElo "1885"]
[BlackElo "2121"]
[Result "0-1"]
[PlyCount "84"]
[EventDate "2012.03.02"]

1. c4 c5 2. Nc3 Nc6 3. Nf3 e5 4. g3 g6 5. Bg2 Bg7 6. d3 Nge7 7. O-O d6 8. h3
O-O 9. Bd2 h6 10. Qc1 Kh7 11. Kh2 Be6 12. e4 Qd7 13. Nd5 f5 14. Rb1 Rac8 15. b4
Bxd5 16. exd5 Nxb4 17. Bxb4 cxb4 18. Rxb4 e4 19. Ne1 Nxd5 20. Rb3 Nf6 21. Qb1
b6 22. dxe4 Rxc4 23. exf5 Qxf5 24. Qxf5 gxf5 25. Rd3 Rd8 26. Nf3 Rc5 27. Nd4
Re8 28. Ra3 a5 29. Rb3 Ne4 30. Bxe4 Rxe4 31. Nf3 b5 32. Kg2 d5 33. a3 b4 34.
axb4 Rxb4 35. Rxb4 axb4 36. Rb1 Bc3 37. Kf1 Ra5 38. Ke2 Kg6 39. Nh4+ Kf6 40. f4
Ra2+ 41. Kf3 Ra3 42. Kg2 b3 0-1

[Event "C.to Provinciale BS"]
[Site "Provaglio d'Iseo ITA"]
[Date "2012.04.20"]
[Round "8"]
[White "Onger, Nicola"]
[Black "Barucco, Mattia"]
[WhiteElo "1748"]
[BlackElo "1979"]
[Result "0-1"]
[PlyCount "44"]
[EventDate "2012.03.02"]

1. e4 c6 2. d4 d5 3. Nd2 dxe4 4. Nxe4 Bf5 5. Ng3 Bg6 6. Nf3 Nd7 7. c3 Qc7 8.
Nh4 e6 9. Nxg6 hxg6 10. Be3 Ngf6 11. Be2 Bd6 12. Qc2 Bxg3 13. fxg3 Rxh2 14. Bf4
Rxh1+ 15. Kd2 Qxf4+ 16. gxf4 Rxa1 17. a3 O-O-O 18. Kd3 Nd5 19. Ke4 N7f6+ 20.
Kf3 Nh5 21. g3 Rg1 22. Kf2 Rg2+ 0-1

[Event "C.to Provinciale BS"]
[Site "Provaglio d'Iseo ITA"]
[Date "2012.04.20"]
[Round "8"]
[White "Panada, Valter"]
[Black "Vagliati, Massimo"]
[WhiteElo "1880"]
[BlackElo "1732"]
[Result "1-0"]
[PlyCount "77"]
[EventDate "2012.03.02"]

1. e4 c5 2. Nf3 Nc6 3. d4 cxd4 4. Nxd4 e6 5. Nc3 a6 6. Be3 Qc7 7. Qd2 Nf6 8. f3
b5 9. Nxc6 dxc6 10. Be2 Be7 11. O-O Bb7 12. Qe1 c5 13. Qf2 Rc8 14. b3 O-O 15.
Nd1 Rfd8 16. Nb2 Bd6 17. Qh4 Be5 18. Rab1 Bd4 19. Nd1 Bxe3+ 20. Nxe3 Rd4 21.
Bd3 Qa5 22. a4 Bc6 23. axb5 Bxb5 24. Nc4 Qc7 25. Rbe1 Nd7 26. f4 Nb6 27. e5 h6
28. Rf3 Nxc4 29. bxc4 Bxc4 30. Rg3 Bxd3 31. cxd3 Qd8 32. Qxh6 Kf8 33. Qxg7+ Ke8
34. Rh3 Ke7 35. f5 Qf8 36. Qf6+ Kd7 37. fxe6+ fxe6 38. Rh7+ Kc6 39. Qxe6+ 1-0

[Event "C.to Provinciale BS"]
[Site "Provaglio d'Iseo ITA"]
[Date "2012.04.20"]
[Round "8"]
[White "Schaberg, Wolfgang"]
[Black "Massetti, Euro"]
[WhiteElo "1886"]
[BlackElo "1898"]
[Result "0-1"]
[PlyCount "96"]
[EventDate "2012.03.02"]

1. e4 c6 2. d4 d5 3. Nc3 dxe4 4. Nxe4 Nd7 5. Bc4 Ngf6 6. Qf3 e6 7. Bg5 Qa5+ 8.
Bd2 Qb6 9. Nxf6+ Nxf6 10. O-O-O Be7 11. Ne2 Bd7 12. Rhe1 Nd5 13. Bb3 a5 14. a4
Bf6 15. c4 Nb4 16. Bf4 O-O 17. Bd6 Rfe8 18. c5 Qa6 19. Nc3 b5 20. Ne4 Be7 21.
Be5 bxa4 22. Bxa4 Qc4+ 23. Kd2 f6 24. Bb3 Qb5 25. Bd6 a4 26. Bxe7 Rxe7 27. Ra1
Nd5 28. Bc2 Qxb2 29. Qd3 Nb4 30. Qc3 Qxc2+ 31. Qxc2 Nxc2 32. Kxc2 e5 33. Nd6
Be6 34. dxe5 Bb3+ 35. Kc3 Rxe5 36. Nb7 Rae8 37. Rxe5 Rxe5 38. Kb4 Re7 39. Na5
Re4+ 40. Kc3 Bd5 41. Kd3 Rb4 42. g3 Kf7 43. h4 Ke6 44. Re1+ Kd7 45. Ra1 Kc7 46.
Kc3 Re4 47. Kd3 f5 48. Rb1 a3 0-1